4:44 - JAY-Z - Statistics

General Stats
  • This quiz has been taken 3 times
  • The average score is 2 of 10
Answer Stats
Songs Plays Artists % Correct
4:44 208,014,537 JAY-Z
100%
Marcy Me 28,726,268 JAY-Z
67%
Bam 37,236,584 JAY-Z
33%
The Story of O.J. 91,262,806 JAY-Z
33%
Caught Their Eyes 32,227,978 JAY-Z
0%
Family Fued 25,299,592 JAY-Z, Beyonce
0%
Kill Jay Z 13,966,334 JAY-Z
0%
Legacy 11,322,463 JAY-Z
0%
Moonlight 10,742,122 JAY-Z
0%
Smile 17,779,039 JAY-Z
0%
No matching quizzes found
Score Distribution
Percent of People with Each Score
Percentile by Number Answered
Your Score History
You have not taken this quiz